000 01227nam a22002057a 4500
003 JO-AjAnu
005 20240605111929.0
008 240331b jo ||||| |||| 00| 0 ara d
040 _aJO-AjAnu
_cJO-AjAnu
041 0 _aARA
050 _aK5223
_b2023
100 1 _aبني موسى، سامر محمد عبد الرحمن
_965186
_eمعد
245 2 1 _aالموقف القانوني لجرائم غسل الاموال استنادا لقانون مكافحة غسل الاموال وتمويل الارهاب الاردني (20) لسنة 2021 ؛ (دراسة مقارنة) = The Legal Position of Money Laundering Crimes Based on the jordanian Anti-Money Laundering and Terrorist Financing Law NO.(20) of 2021 : (A Comparative Study) /
_cاعداد سامر محمد عبد الرحمن بني موسى ؛ اشراف عيسى لافي الصمادي
260 _c2023
300 _a91ورقة
500 _aرسالة جامعية (ماجستير).- جامعة عجلون الوطنية (عجلون، الأردن) ، كليةالحقوق، تخصص القانون، 2023.
650 7 0 _aجرائم غسل الاموال
_965210
700 1 _aالصمادي، عيسى لافي
_965188
_eمشرف
942 _2lcc
_cTHS
_n0
999 _c33375
_d33375